书目信息 |
| 题名: |
大学生就业案例教程
|
|
| 作者: | 张建东 , 线联平 主编 | |
| 分册: | ||
| 出版信息: | 北京 中国人民大学出版社 2002 |
|
| 页数: | 12,436页 | |
| 开本: | 20cm | |
| 丛书名: | ||
| 单 册: | ||
| 中图分类: | G473.8 | |
| 科图分类: | ||
| 主题词: | 大学生--就业 | |
| 电子资源: | ||
| ISBN: | 7-300-04084-5 | |
| 000 | 00845nam0 2200229 45 | |
| 001 | 002299399 | |
| 005 | 20050322084306.7 | |
| 010 | @a7-300-04084-5@dCNY20.00 | |
| 100 | @a20030211d2002 em y0chiy0110 ea | |
| 101 | 0 | @achi |
| 102 | @aCN@b110000 | |
| 105 | @ay z 000yy | |
| 200 | 1 | @a大学生就业案例教程@Ada xue sheng jiu ye an li jiao cheng@f张建东,线联平主编@FZhang Jian Dong,Xian Lian Ping Zhu Bian |
| 210 | @a北京@c中国人民大学出版社@d2002 | |
| 215 | @a12,436页@d20cm | |
| 330 | @a本书为适应高校毕业生就业制度的深化改革,实现从计划分配和国家安排的模式到市场调节、双向选择的就业方式转变这种形势,指导毕业生认清就业形势,具备良好的择业心理素质和掌握正确的求职方法。 | |
| 606 | 0 | @a大学生@x就业 |
| 690 | @aG473.8 | |
| 701 | 0 | @a张建东@4主编 |
| 701 | 0 | @a线联平@4主编 |
| 801 | 0 | @aCN@bNLC@c20030331 |
| 905 | @f2@b345583-584@dG473.8@e37 | |
| 大学生就业案例教程/张建东,线联平主编.-北京:中国人民大学出版社,2002 |
| 12,436页;20cm |
| ISBN 7-300-04084-5:CNY20.00 |
| 本书为适应高校毕业生就业制度的深化改革,实现从计划分配和国家安排的模式到市场调节、双向选择的就业方式转变这种形势,指导毕业生认清就业形势,具备良好的择业心理素质和掌握正确的求职方法。 |
| ● |
| 相关链接 |
|
|
|
|
正题名:大学生就业案例教程
索取号:G473.8/37
 
预约/预借
| 序号 | 登录号 | 条形码 | 馆藏地/架位号 | 状态 | 备注 |
| 1 | 0345583 | 203455830 | 第一样本阅览室/ [索取号:G473.8/37] | 在馆 | |
| 2 | 0345584 | 203455849 | 第四借阅区/ [索取号:G473.8/37] | 在馆 |